| 000 | 01369nam a2200313 i 4500 | ||
|---|---|---|---|
| 001 | 156206 | ||
| 003 | ES-MaACL | ||
| 005 | 20251013232306.0 | ||
| 008 | 950227m18451857fr |||| | fre d | ||
| 040 |
_aCAT _bspa _cCAT _dCCPB |
||
| 080 | 4 | _a581 | |
| 100 | 1 |
_aJacques, Antoine ( _d1780-1866) _9128249 |
|
| 245 | 1 | 0 |
_aManuel général des plantes, arbres et arbustes _b: comprenant leur origine, description, culture ... et classés selon la méthode de Decandolle / _cpar Jacques et Hérincq. |
| 260 |
_aParis : _bLibrairie agricole de la maison rustique, _c1845-1857. |
||
| 300 |
_a4 v. ; _c19 cm. |
||
| 504 | _aÍndices. | ||
| 594 | _aMención de responsabilidad en el v. 4: par Duchartre avec la collaboration de MM. Carrière et Naudin. | ||
| 594 | _aEn la parte superior de la port.: Flore des jardins de l'Europe. | ||
| 596 | _aFecha obtenida de NUC. | ||
| 597 | _aT.I (39, 716 p.) -- T.II (674 p.) -- T.III (777 p.) -- T.IV (1049 p.) | ||
| 597 | _aTexto a 2 col. | ||
| 650 | 4 |
_aFlora- _zEuropa. _9136131 |
|
| 700 | 1 |
_aHérincq, François, _d1820-1891 _9128122 |
|
| 700 | 1 |
_aDuchartre, Pierre Étienne Simon, _d1811-1894 _9126861 |
|
| 700 | 1 |
_aCarrière, Élie Abel, _d1818-1896 _9126359 |
|
| 700 | 1 |
_aNaudin, Charles Victor, _d1815-1899 _9130402 |
|
| 852 |
_aES-MaACL _jC-12095-98 _z-- Enc. pasta española |
||
| 999 |
_c156206 _d156206 |
||